000 01343cad a22002295a 4500
001 E144575
008 080729s2008 xxk f 000 0 eng d
020 _a9780755957538
035 _a(Sirsi) u144575
041 0 _aeng
050 0 4 _a333.9164 $2 18
110 2 _aScotland
_bScottish Government
_95344
245 0 0 _aSustainable seas for all
_ba consultation on Scotland's first marine bill
_h[electronic resource]
260 _aEdinburgh
_bScottish Government
_c2008
520 _aSets out a strategic approach to the management of the seas around Scotland and invites the comments of interested parties on the proposals. It is hoped that the legislative and management framework being proposed will deliver sustainable economic growth in the marine environment. Specific proposals include the creation of a stable investment environment; a reduction in the regulatory burden; nature conservation; and the creation of a new marine management organisation called Marine Scotland. Deadline for comments is 6 October 2008.
521 _aAdvanced
590 _aKA
651 4 _aScotland
_y1999-
690 _aPROPERTY-RURAL AND NATURAL ASSETS-MARINE RESOURCES-MARINE RESOURCE MANAGEMENT
856 4 0 _uhttps://www.scotland.gov.uk/Publications/2008/07/11100221/0
_zView the consultation free of charge at www.scotland.gov.uk...
942 _n0
999 _c108549
_d108549